000
00272nam a22001217a 4500
999
_c
9573
_d
9573
003
OSt
005
20210705105252.0
008
210705b ||||| |||| 00| 0 eng d
020
_a
9783869224060
082
_a
720.95845
245
_a
Astana : architectural guide
942
_2
ddc